[Event "K41 Aabent Mesterskab 2009-10"]
[Site "Valby"]
[Date "2010.03.02"]
[Round "9"]
[White "Krogh, Soren"]
[Black "Glibstrup, Jakob"]
[Result "1-0"]
[WhiteElo "1183"]
[BlackElo "1954"]
[PlyCount "83"]
[EventDate "2009.??.??"]

1. b4 Nf6 2. Bb2 e6 3. a3 d5 4. Nf3 a5 5. b5 a4 6. e3 c5 7. Be2 Bd7 8. c4 Be7
9. d3 O-O 10. Nbd2 Be8 11. O-O Nfd7 12. Re1 f6 13. Nf1 Bf7 14. Ng3 Qc7 15. Rc1
Rd8 16. Qc2 Ne5 17. Nxe5 fxe5 18. Bf3 Nd7 19. cxd5 exd5 20. d4 e4 21. Bd1 c4
22. f3 exf3 23. Bxf3 Qb6 24. e4 Bg5 25. Rb1 Bg6 26. Bc3 Ne5 27. Be2 Be3+ 28.
Kh1 Bxd4 29. Nf5 Re8 30. Bxd4 Qxd4 31. Nxd4 Bxe4 32. Qc3 Bxb1 33. Rxb1 Rad8 34.
b6 Rd7 35. Rb5 Rf7 36. Kg1 Nc6 37. Bf3 g5 38. Nc2 d4 39. Qxc4 d3 40. Qxd3 g4
41. Bd5 Nd4 42. Bxf7+ 1-0

[Event "K41 Aabent Mesterskab 2009-10"]
[Site "Valby"]
[Date "2010.03.02"]
[Round "9"]
[White "Laursen, Niels Norskov"]
[Black "Petersen, Steen Brustrup"]
[Result "1-0"]
[WhiteElo "2172"]
[BlackElo "2130"]
[PlyCount "61"]
[EventDate "2009.??.??"]

1. e4 c5 2. Nf3 d6 3. d4 cxd4 4. Nxd4 Nf6 5. Nc3 a6 6. Bg5 e6 7. f4 Qb6 8. Qd2
Nc6 9. Bxf6 gxf6 10. Nb3 Qc7 11. Be2 b5 12. Bf3 Bb7 13. O-O Bh6 14. a4 Ne5 15.
axb5 Nc4 16. Qe2 Bxf4 17. e5 d5 18. bxa6 Bxa6 19. Bxd5 Be3+ 20. Kh1 exd5 21.
Nxd5 Qxe5 22. Nxf6+ Ke7 23. Qf3 Nd6 24. Ra5 Qxa5 25. Qxe3+ Kd8 26. Nxa5 Bxf1
27. Nc6+ Kc7 28. Qc5 Nb7 29. Nd5+ Kc8 30. Qe7 Ra1 31. Qc7# 1-0

[Event "K41 Aabent Mesterskab 2009-10"]
[Site "Valby"]
[Date "2010.03.02"]
[Round "9"]
[White "Lofberg, Jan"]
[Black "Gjelstrup, Ole"]
[Result "1-0"]
[WhiteElo "1801"]
[BlackElo "1438"]
[PlyCount "65"]
[EventDate "2009.??.??"]

1. e4 c6 2. d4 d5 3. e5 Bf5 4. h4 h5 5. Ne2 e6 6. Ng3 g6 7. Nxf5 exf5 8. Be2
Nd7 9. Nd2 c5 10. Nf3 Bg7 11. Ng5 Nf8 12. Bb5+ Ke7 13. O-O Ne6 14. Nxe6 Kxe6
15. dxc5 Qxh4 16. Bd7+ Kxd7 17. Qxd5+ Kc7 18. Qd6+ Kc8 19. e6 fxe6 20. Qxe6+
Kc7 21. Qd6+ Kc8 22. Bf4 Qe7 23. Qxg6 Bxb2 24. Rfe1 Bxa1 25. Rxe7 Nxe7 26. Qd6
Nd5 27. Qxd5 Rd8 28. Qxf5+ Rd7 29. Qxh5 a5 30. Qe8+ Rd8 31. Qe6+ Rd7 32. c6
bxc6 33. Qe8+ 1-0

[Event "K41 Aabent Mesterskab 2009-10"]
[Site "Valby"]
[Date "2010.03.02"]
[Round "9"]
[White "Meldal, Peter"]
[Black "Hojland, Ulrik"]
[Result "0-1"]
[WhiteElo "1380"]
[BlackElo "1122"]
[PlyCount "90"]
[EventDate "2009.??.??"]

1. e4 c5 2. Nf3 d6 3. Bb5+ Nc6 4. O-O Bd7 5. Re1 Nf6 6. d4 cxd4 7. Nxd4 g6 8.
c3 Bg7 9. Nxc6 bxc6 10. Bd3 O-O 11. Bg5 Qb6 12. Qd2 Rfb8 13. b3 a5 14. Na3 Be6
15. Nc4 Qa7 16. e5 Nd5 17. exd6 Bxc3 18. Qc2 Bxa1 19. Rxa1 exd6 20. Nxd6 Nb4
21. Qc3 Nxd3 22. Qxd3 Qc5 23. Ne4 Qe5 24. Re1 Qf5 25. Bh6 Qe5 26. Qf3 Qb2 27.
Nf6+ Kh8 28. Ne4 Bd5 29. Qd3 Bxe4 30. Qxe4 Qf6 31. Bf4 Kg8 32. Bxb8 Rxb8 33.
Qe5 Qd8 34. h4 h5 35. g3 Qb6 36. Qf6 Qb4 37. Rd1 c5 38. f4 Re8 39. Rf1 Qd2 40.
f5 Re2 41. Qc6 Qe3+ 42. Kh1 Qxg3 43. Qa8+ Kg7 44. f6+ Kh7 45. Qf3 Qh2# 0-1

[Event "K41 Aabent Mesterskab 2009-10"]
[Site "Valby"]
[Date "2010.03.02"]
[Round "9"]
[White "Mollmann, Erik"]
[Black "Kristensen, Steffen Michael"]
[Result "1-0"]
[WhiteElo "1517"]
[BlackElo "1390"]
[PlyCount "73"]
[EventDate "2009.??.??"]

1. d4 b5 2. Bf4 Bb7 3. e3 c6 4. Nf3 Nf6 5. Bd3 g6 6. Nbd2 Bg7 7. c4 O-O 8. cxb5
cxb5 9. Rc1 a6 10. Bc7 Qe8 11. O-O Nc6 12. Ne4 Nd5 13. Bg3 d6 14. Nc3 Ncb4 15.
Bb1 Rc8 16. e4 Nxc3 17. bxc3 Nc6 18. e5 dxe5 19. dxe5 e6 20. Be4 Na5 21. Re1
Bxe4 22. Rxe4 Qc6 23. Qd3 Nc4 24. Nd4 Qb7 25. Re2 Rfd8 26. f4 Qa7 27. Bf2 Qd7
28. Bh4 Re8 29. g4 Bh6 30. Rf1 Rc5 31. Qh3 b4 32. f5 bxc3 33. Bf2 Bd2 34. Rxd2
cxd2 35. f6 Nxe5 36. Qh6 Nf3+ 37. Nxf3 1-0

[Event "K41 Aabent Mesterskab 2009-10"]
[Site "Valby"]
[Date "2010.03.02"]
[Round "9"]
[White "Mouritsen, Jan"]
[Black "Hestehauge, Klaus"]
[Result "0-1"]
[WhiteElo "1705"]
[BlackElo "1925"]
[PlyCount "38"]
[EventDate "2009.??.??"]

1. d4 Nf6 2. c4 e5 3. dxe5 Ne4 4. Qc2 Bb4+ 5. Nd2 d5 6. exd6 Bf5 7. dxc7 Qxc7
8. a3 Bxd2+ 9. Bxd2 Nc6 10. Qa4 Nxd2 11. Kxd2 O-O-O+ 12. Ke1 Nd4 13. Rc1 Rhe8
14. f3 Qf4 15. Rc3 Nc6 16. e3 Rxe3+ 17. Ne2 Re7 18. Kf2 Qd2 19. Qb5 Bd3 0-1

[Event "K41 Aabent Mesterskab 2009-10"]
[Site "Valby"]
[Date "2010.03.02"]
[Round "9"]
[White "Munk, Poul"]
[Black "Abildgaard, Kenneth"]
[Result "1/2-1/2"]
[WhiteElo "1861"]
[BlackElo "1843"]
[PlyCount "85"]
[EventDate "2009.??.??"]

1. c4 c5 2. Nc3 Nc6 3. g3 g6 4. Bg2 Bg7 5. Nf3 Nf6 6. O-O O-O 7. d4 cxd4 8.
Nxd4 Nxd4 9. Qxd4 d6 10. Qd3 Rb8 11. Bd2 Be6 12. Rac1 Nd7 13. b3 f5 14. Rfd1 b6
15. Nd5 Ne5 16. Qb1 Bd7 17. Bc3 Rf7 18. Qa1 e6 19. Nb4 Qf8 20. f4 Ng4 21. Bxg7
Rxg7 22. Qc3 b5 23. Nc6 Bxc6 24. Bxc6 Rc7 25. cxb5 Rxb5 26. Qc4 Rd5 27. Bxd5
Rxc4 28. Bxe6+ Kg7 29. Bxc4 Qd8 30. Rc3 Qb6+ 31. e3 Nxe3 32. Rxe3 Qxe3+ 33. Kg2
Qe4+ 34. Kg1 Qc6 35. a4 h5 36. Rd5 Kf6 37. h4 Qb6+ 38. Kg2 Qb7 39. Kg1 Ke7 40.
Kf2 Qb4 41. Kg2 Qb6 42. Rd3 Kf6 43. Rd5 1/2-1/2

[Event "K41 Aabent Mesterskab 2009-10"]
[Site "Valby"]
[Date "2010.03.02"]
[Round "9"]
[White "Nielsen, Jorgen Holmstrom"]
[Black "Nielsen, Soren Skovso"]
[Result "0-1"]
[WhiteElo "1650"]
[BlackElo "1454"]
[PlyCount "54"]
[EventDate "2009.??.??"]

1. Nc3 Nf6 2. Nf3 d5 3. e3 e6 4. Ne2 Bd6 5. Ng3 Nbd7 6. d4 c5 7. c3 cxd4 8.
exd4 Qc7 9. Bd3 O-O 10. O-O e5 11. dxe5 Nxe5 12. Nxe5 Bxe5 13. Bg5 Qb6 14. Bxf6
Qxf6 15. Qh5 g6 16. Qd1 Be6 17. Ne2 Bc7 18. Nd4 Bb6 19. Bc2 Rac8 20. Qd2 Rfe8
21. Rae1 Bxd4 22. cxd4 Rc4 23. Re5 Qd8 24. Bb3 Rc8 25. Rfe1 Qd7 26. Qe3 f6 27.
Rxd5 Bxd5 0-1

[Event "K41 Aabent Mesterskab 2009-10"]
[Site "Valby"]
[Date "2010.03.02"]
[Round "9"]
[White "Nielsen, Michael"]
[Black "Skjoldager, Mikael"]
[Result "1-0"]
[WhiteElo "2053"]
[BlackElo "1753"]
[PlyCount "57"]
[EventDate "2009.??.??"]

1. e4 c5 2. b4 cxb4 3. a3 bxa3 4. Nxa3 Nc6 5. d4 d5 6. exd5 Qxd5 7. Nb5 Kd8 8.
Bf4 Qe4+ 9. Ne2 Nb4 10. Rc1 Bf5 11. f3 Nxc2+ 12. Kf2 Qd3 13. Qxd3 Bxd3 14. Ng3
Bxf1 15. Rhxf1 Nb4 16. Rfd1 Nd5 17. Nc7 Nxc7 18. Rxc7 g5 19. Be5 f6 20. Rxb7
fxe5 21. dxe5+ Ke8 22. Ne4 Bg7 23. e6 h6 24. Nc5 Be5 25. Rd5 Bd6 26. Ne4 a5 27.
Rxd6 exd6 28. Nxd6+ Kd8 29. Rd7# 1-0

[Event "K41 Aabent Mesterskab 2009-10"]
[Site "Valby"]
[Date "2010.03.02"]
[Round "9"]
[White "Nissen, Kaspar"]
[Black "Eiholt, Bjarne"]
[Result "1/2-1/2"]
[WhiteElo "1418"]
[BlackElo "1360"]
[PlyCount "61"]
[EventDate "2009.??.??"]

1. Nf3 d5 2. g3 Nf6 3. Bg2 e6 4. d4 Be7 5. O-O O-O 6. Nc3 c5 7. e3 Nc6 8. b3
Bd7 9. Bb2 Rc8 10. Na4 cxd4 11. exd4 Nb4 12. Nc3 Ne4 13. Nxe4 dxe4 14. Ne5 Nxc2
15. Rc1 Nb4 16. Rxc8 Qxc8 17. Nxd7 Qxd7 18. Bxe4 Rc8 19. a3 Nd5 20. f4 Ne3 21.
Bxh7+ Kf8 22. Qh5 Nxf1 23. Bd3 Ke8 24. Bb5 Rc6 25. Bxc6 Qxc6 26. Kxf1 Qc2 27.
Qb5+ Kf8 28. Qc4 Qb1+ 29. Qc1 Qd3+ 30. Kf2 f6 31. b4 1/2-1/2

[Event "K41 Aabent Mesterskab 2009-10"]
[Site "Valby"]
[Date "2010.03.02"]
[Round "9"]
[White "Ottosen, Peder"]
[Black "Tandrup, Michael"]
[Result "1/2-1/2"]
[WhiteElo "2033"]
[BlackElo "1934"]
[PlyCount "98"]
[EventDate "2009.??.??"]

1. d4 Nf6 2. c4 g6 3. Nc3 d5 4. cxd5 Nxd5 5. e4 Nxc3 6. bxc3 Bg7 7. Be3 O-O 8.
Nf3 c5 9. Qd2 Qa5 10. Rb1 a6 11. Be2 Nc6 12. Rd1 Bg4 13. O-O Bxf3 14. Bxf3 cxd4
15. cxd4 Qxd2 16. Rxd2 Rac8 17. Rfd1 Na5 18. Bg5 Rfe8 19. Bg4 Rcd8 20. d5 h5
21. Bh3 Nc4 22. Rc2 b5 23. a4 Kh7 24. Bf4 Nb2 25. Re1 Nd3 26. Bd2 Nxe1 27. Bxe1
bxa4 28. Kf1 Rb8 29. Bd7 Red8 30. Bxa4 Rdc8 31. Bc6 Rb1 32. f4 Bd4 33. Ke2 Rb2
34. Rxb2 Bxb2 35. Bb4 Rc7 36. e5 Kg7 37. Kd3 a5 38. Bxa5 Ra7 39. Bb4 Ba3 40.
Bc3 f6 41. Kc4 fxe5 42. fxe5 Kf7 43. Kb5 Bc1 44. Bd4 Ra3 45. Bc5 Rb3+ 46. Kc4
Rb2 47. e6+ Kf8 48. d6 Rc2+ 49. Kb5 Rxc5+ 1/2-1/2

[Event "K41 Aabent Mesterskab 2009-10"]
[Site "Valby"]
[Date "2010.03.02"]
[Round "9"]
[White "Porte, Henrik"]
[Black "Rasmussen, Morten(1956)"]
[Result "1-0"]
[WhiteElo "2136"]
[BlackElo "1599"]
[PlyCount "47"]
[EventDate "2009.??.??"]

1. d4 d5 2. c4 Nc6 3. e3 e5 4. dxe5 dxc4 5. Qxd8+ Kxd8 6. Bxc4 Nxe5 7. Be2 Bf5
8. Nf3 Bd6 9. Nc3 Nd3+ 10. Bxd3 Bxd3 11. e4 Bb4 12. Ne5 Bxe4 13. Nxf7+ Ke7 14.
Nxh8 Nf6 15. Bd2 Bd3 16. O-O-O Rxh8 17. Bg5 Bc4 18. Rhe1+ Kf7 19. Bxf6 Kxf6 20.
a3 Bxc3 21. bxc3 Be6 22. Rd4 a5 23. Rf4+ Kg5 24. g3 1-0

[Event "K41 Aabent Mesterskab 2009-10"]
[Site "Valby"]
[Date "2010.03.02"]
[Round "9"]
[White "Truelsen, Ole Illum"]
[Black "Olsen, Kim"]
[Result "1-0"]
[WhiteElo "1715"]
[BlackElo "1524"]
[PlyCount "75"]
[EventDate "2009.??.??"]

1. c4 Nf6 2. Nc3 e5 3. g3 Bb4 4. Bg2 O-O 5. e3 Bxc3 6. dxc3 d6 7. Ne2 Re8 8. e4
h6 9. O-O b6 10. Qc2 Nbd7 11. b4 Bb7 12. Rd1 Qe7 13. f3 Rad8 14. Bh3 Ba6 15.
Qb3 Kh8 16. a4 Bc8 17. Bf1 Qf8 18. a5 a6 19. Be3 Nh7 20. Qc2 Bb7 21. Kf2 Ng5
22. Bg2 f5 23. exf5 e4 24. Bxg5 hxg5 25. fxe4 Nf6 26. Kg1 Bxe4 27. Bxe4 Rxe4
28. Nd4 Qe7 29. Ne6 Re8 30. Qd2 Nh7 31. axb6 Rxc4 32. bxc7 Nf8 33. Re1 Nxe6 34.
Rxe6 Qxc7 35. Rxe8+ Kh7 36. Qxg5 Qa7+ 37. Kf1 Qf7 38. Re7 1-0

[Event "K41 Aabent Mesterskab 2009-10"]
[Site "Valby"]
[Date "2010.03.02"]
[Round "9"]
[White "Wadtland, Flemming"]
[Black "Egholm, Leif"]
[Result "0-1"]
[WhiteElo "1170"]
[BlackElo "1621"]
[PlyCount "52"]
[EventDate "2009.??.??"]

1. b3 e5 2. Bb2 Nc6 3. e3 d5 4. g3 Bd6 5. Ne2 Nf6 6. d4 Bg4 7. Bg2 O-O 8. f3
Bf5 9. c3 exd4 10. Nxd4 Nxd4 11. cxd4 Re8 12. Kf2 Qd7 13. Re1 Re7 14. Ba3 Bxa3
15. Nxa3 Rae8 16. Rc1 c6 17. Rc3 Qd6 18. Nc2 h5 19. h4 Kh8 20. Rh1 Rg8 21. Bh3
Be4 22. Bg2 g5 23. fxe4 Rxe4 24. hxg5 Rxg5 25. Kg1 Qxg3 26. Qf3 Qxf3 0-1

[Event "K41 Aabent Mesterskab 2009-10"]
[Site "Valby"]
[Date "2010.03.02"]
[Round "9"]
[White "Weber, John"]
[Black "Nielsen, Leonard de Freitas"]
[Result "1/2-1/2"]
[WhiteElo "1776"]
[BlackElo "1930"]
[PlyCount "173"]
[EventDate "2009.??.??"]

1. f4 d5 2. Nf3 g6 3. d4 Bg7 4. e3 Nf6 5. Bd3 O-O 6. O-O b6 7. Qe1 c5 8. c3 Bb7
9. Nbd2 Nbd7 10. Ne5 Ne4 11. Nxd7 Qxd7 12. Nf3 f6 13. Nd2 e5 14. Nxe4 dxe4 15.
Bc4+ Kh8 16. dxe5 fxe5 17. Bd2 b5 18. Bb3 c4 19. Bc2 Qd5 20. Qe2 Rae8 21. fxe5
Bxe5 22. Rad1 Qd6 23. h3 Qe6 24. Rxf8+ Rxf8 25. Rf1 Rxf1+ 26. Qxf1 Kg7 27. Qf2
Qf6 28. Qxf6+ Kxf6 29. Kf2 h5 30. b4 Kf5 31. Bd1 Kg5 32. g3 Bc8 33. h4+ Kf6 34.
Kg2 Kf5 35. a3 Bd7 36. Be1 Bg7 37. Bd2 Bh6 38. g4+ hxg4 39. Kg3 Ke5 40. Bxg4
Bxg4 41. Kxg4 Kf6 42. Bc1 Bf8 43. Bd2 Bd6 44. Bc1 Bh2 45. Bd2 a6 46. Be1 Be5
47. Bd2 Bd6 48. Be1 Be5 49. Bd2 Ke6 50. h5 gxh5+ 51. Kxh5 Kf5 52. Kh4 Bf6+ 53.
Kg3 Kg5 54. Kh3 Kh5 55. Kg3 Be5+ 56. Kh3 Bc7 57. Be1 Bb6 58. Bd2 a5 59. Bc1 Bd8
60. Bd2 axb4 61. axb4 Bh4 62. Kh2 Kg4 63. Kg2 Bg3 64. Bc1 Be1 65. Bb2 Kh4 66.
Kf1 Bg3 67. Ke2 Kh3 68. Bc1 Kg2 69. Bb2 Be5 70. Ba1 Bf6 71. Bb2 Bh4 72. Bc1 Bg3
73. Bb2 Bd6 74. Bc1 Kg3 75. Bb2 Kg4 76. Bc1 Bg3 77. Bb2 Kf5 78. Bc1 Ke5 79. Bb2
Kd5 80. Kd2 Bd6 81. Ba1 Ke6 82. Bb2 Kf5 83. Ke2 Kg4 84. Ba1 Kg3 85. Bb2 Kg2 86.
Bc1 Bg3 87. Bb2 1/2-1/2